بحيرة الإوز / (رقم التسجيلة. 123703)

تفاصيل مارك
000 -LEADER
fixed length control field 00607nam a22001937a 4500
005 - DATE AND TIME OF LATEST TRANSACTION
control field 20251108175013.0
008 - FIXED-LENGTH DATA ELEMENTS--GENERAL INFORMATION
fixed length control field 250721s2006 xx 000 0 ara d
082 14 - DEWEY DECIMAL CLASSIFICATION NUMBER
Classification number ط/ق/شاف
100 1# - MAIN ENTRY--PERSONAL NAME
Personal name الشافعي، متولي
245 10 - TITLE STATEMENT
Title بحيرة الإوز /
264 1# - PRODUCTION, PUBLICATION, DISTRIBUTION, MANUFACTURE, AND COPYRIGHT NOTICE
Place of production, publication, distribution, manufacture القاهرة :
Name of producer, publisher, distributor, manufacturer العلم والإيمان للنشر،
Date of production, publication, distribution, manufacture, or copyright notice 2006.
300 ## - PHYSICAL DESCRIPTION
Extent 16ص.
490 0# - SERIES STATEMENT
Series statement سلسلة من اروع القصص
650 17 - SUBJECT ADDED ENTRY--TOPICAL TERM
Topical term or geographic name as entry element أدب الاطفال
650 17 - SUBJECT ADDED ENTRY--TOPICAL TERM
Topical term or geographic name as entry element القصص العربية
653 ## - INDEX TERM--UNCONTROLLED
Uncontrolled term مرحلة ما قبل المدرسة (0-5) سنوات
942 ## - ADDED ENTRY ELEMENTS (KOHA)
Source of classification or shelving scheme Dewey Decimal Classification
Koha item type كتب
المقتنيات
حالة السحب حالة الفقدان مصدر التصنيف حالة التلف غير قابل للإعارة المكتبة الرئيسية المكتبة الحالية موقع الرف تاريخ التزويد الرقم المتسلسل Total Checkouts رقم الإستدعاء الباركود تاريخ آخر ظهور تاريخ الفاتورة نوع المادة (كوها)
    Dewey Decimal Classification     المكتبة المركزية المكتبة المركزية الأطفال 28/07/2025 1445863   ط/ق/شاف PLD00215631 28/07/2025 28/07/2025 كتب
    Dewey Decimal Classification     المكتبة المركزية المكتبة المركزية مقتنيات قسم التزويد 28/07/2025 1489370   ط/ق/شاف   28/07/2025 28/07/2025 كتب
    Dewey Decimal Classification     مكتبة قتيبة للأطفال مكتبة قتيبة للأطفال الأطفال 23/07/2011 1445923   ط/ق/شاف PLD00216053 28/07/2025 23/07/2011 كتب
    Dewey Decimal Classification     مكتبة أم المؤمنين للأطفال مكتبة أم المؤمنين للأطفال الأطفال 23/07/2011 1445908   ط/ق/شاف PLD00216050 28/07/2025 23/07/2011 كتب
    Dewey Decimal Classification     مكتبة الأميرة ايمان العامة مكتبة الأميرة ايمان العامة الأطفال 23/07/2011 1445868   ط/ق/شاف PLD00216042 28/07/2025 23/07/2011 كتب
    Dewey Decimal Classification     مكتبة البيادر مكتبة البيادر الأطفال 23/07/2011 1445948   ط/ق/شاف PLD00216058 28/07/2025 23/07/2011 كتب
    Dewey Decimal Classification     مكتبة الراية الهاشمية للأطفال مكتبة الراية الهاشمية للأطفال الأطفال 23/07/2011 1445938   ط/ق/شاف PLD00216056 28/07/2025 23/07/2011 كتب
    Dewey Decimal Classification     مكتبة الياسمين للأطفال مكتبة الياسمين للأطفال الأطفال 23/07/2011 1445928   ط/ق/شاف PLD00216054 28/07/2025 23/07/2011 كتب
    Dewey Decimal Classification     مكتبةمؤتة مكتبةمؤتة الأطفال 23/07/2011 1445953   ط/ق/شاف PLD00216059 28/07/2025 23/07/2011 كتب
Implemented & Customized by: BBB with SCIT (Smart Chains for Information Technology)

Powered by Koha